<?xml version="1.0" encoding="UTF-8"?>
<collection xmlns="http://www.loc.gov/MARC21/slim">
 <record>
  <leader>00977nam a2200205 a 4500</leader>
  <controlfield tag="001">1/54470</controlfield>
  <controlfield tag="008">211129n200#    gr a          000 | gre d</controlfield>
  <datafield tag="040" ind1=" " ind2=" ">
   <subfield code="a">GR-PeUP</subfield>
  </datafield>
  <datafield tag="082" ind1="0" ind2="0">
   <subfield code="a">271.81949522 ΣΑΡ</subfield>
  </datafield>
  <datafield tag="100" ind1="1" ind2=" ">
   <subfield code="a">Σαραντάκης, Πέτρος Ι.</subfield>
  </datafield>
  <datafield tag="245" ind1="1" ind2="0">
   <subfield code="a">Αρκαδία :</subfield>
   <subfield code="b">τα μοναστήρια και οι εκκλησίες της : οδοιπορικό 10 αιώνων /</subfield>
   <subfield code="c">Πέτρος Σαραντάκης, Νατάσα Πετρούλια.</subfield>
  </datafield>
  <datafield tag="260" ind1=" " ind2=" ">
   <subfield code="a">[χ.τ.] :</subfield>
   <subfield code="b">Οιάτης,</subfield>
   <subfield code="c">[200-]</subfield>
  </datafield>
  <datafield tag="300" ind1=" " ind2=" ">
   <subfield code="a">218 σ. :</subfield>
   <subfield code="b">εικ. ;</subfield>
   <subfield code="c">25 εκ.</subfield>
  </datafield>
  <datafield tag="650" ind1=" " ind2="4">
   <subfield code="a">Μοναστήρια</subfield>
   <subfield code="z">Ελλάδα</subfield>
   <subfield code="z">Αρκαδία (Νομός).</subfield>
  </datafield>
  <datafield tag="650" ind1=" " ind2="4">
   <subfield code="a">Εκκλησίες</subfield>
   <subfield code="z">Ελλάδα</subfield>
   <subfield code="z">Αρκαδία (Νομός)</subfield>
  </datafield>
  <datafield tag="650" ind1=" " ind2="0">
   <subfield code="a">Monasteries</subfield>
   <subfield code="z">Arcadia (Greece)</subfield>
  </datafield>
  <datafield tag="650" ind1=" " ind2="0">
   <subfield code="a">Church buildings</subfield>
   <subfield code="z">Arcadia (Greece)</subfield>
  </datafield>
  <datafield tag="700" ind1="1" ind2=" ">
   <subfield code="a">Πετρούλια, Νατάσα Γ.</subfield>
  </datafield>
  <datafield tag="852" ind1=" " ind2=" ">
   <subfield code="a">INST</subfield>
   <subfield code="b">UNIPILB</subfield>
   <subfield code="c">MAIN</subfield>
   <subfield code="e">20211129</subfield>
   <subfield code="h">271.81949522 ΣΑΡ</subfield>
   <subfield code="p">00185693</subfield>
   <subfield code="q">00185693</subfield>
   <subfield code="t">LOAN</subfield>
   <subfield code="y">0</subfield>
   <subfield code="4">1</subfield>
  </datafield>
  <datafield tag="960" ind1=" " ind2=" ">
   <subfield code="a">ΜΑΡΙΑ ΒΕΛ</subfield>
  </datafield>
 </record>
</collection>
